| 000 | 01361nam a2200325Ia 4500 | ||
|---|---|---|---|
| 001 | ebr10211946 | ||
| 003 | CaPaEBR | ||
| 006 | m u | ||
| 007 | cr cn||||||||| | ||
| 008 | 070802s2008 nyu sb 001 0 eng d | ||
| 010 | _z 2007031638 | ||
| 020 | _z9780195182651 (alk. paper) | ||
| 040 |
_aCaPaEBR _cCaPaEBR |
||
| 035 | _a(OCoLC)608622250 | ||
| 050 | 1 | 4 |
_aHQ1418 _b.M36 2008eb |
| 082 | 0 | 4 |
_a305.420973/09034 _222 |
| 100 | 1 |
_aMcMillen, Sally Gregory, _d1944- |
|
| 245 | 1 | 0 |
_aSeneca Falls and the origins of the women's rights movement _h[electronic resource] / _cby Sally McMillen. |
| 260 |
_aNew York : _bOxford University Press, _c2008. |
||
| 300 | _ax, 310 p. | ||
| 490 | 1 | _aPivotal moments in American history | |
| 504 | _aIncludes bibliographical references and index. | ||
| 533 |
_aElectronic reproduction. _bPalo Alto, Calif. : _cebrary, _d2009. _nAvailable via World Wide Web. _nAccess may be limited to ebrary affiliated libraries. |
||
| 611 | 2 | 0 |
_aWoman's Rights Convention _n(1st : _d1848 : _cSeneca Falls, N.Y.) |
| 650 | 0 |
_aFeminism _zUnited States _xHistory _y19th century. |
|
| 655 | 7 |
_aElectronic books. _2local |
|
| 710 | 2 | _aebrary, Inc. | |
| 830 | 0 | _aPivotal moments in American history. | |
| 856 | 4 | 0 |
_uhttp://site.ebrary.com/lib/rucke/Doc?id=10211946 _zAn electronic book accessible through the World Wide Web; click to view |
| 999 |
_c125672 _d125672 |
||